LEADER 04659nam 2200577 450 001 9910466063803321 005 20200520144314.0 010 $a2-7592-2417-1 035 $a(CKB)3710000000607928 035 $a(EBL)4405691 035 $a(MiAaPQ)EBC4405691 035 $a(WaSeSS)IndRDA00075418 035 $a(PPN)193660865 035 $a(Au-PeEL)EBL4405691 035 $a(CaPaEBR)ebr11236314 035 $a(OCoLC)957128288 035 $a(EXLCZ)993710000000607928 100 $a20160811h20152015 uy 0 101 0 $afre 135 $aur|n|---||||| 181 $2rdacontent 182 $2rdamedia 183 $2rdacarrier 200 03$aLe lapin $ede la biologie A l'elevage /$fThierry Gidenne, coordinateur 210 1$aVersailles, Yvelines, France :$cEditions Quae,$d2015. 210 4$d?2015 215 $a1 online resource (291 p.) 225 1 $aSavoir faire,$x1952-1251 300 $aIncludes index. 311 $a2-7592-2416-3 327 $aSommaire; Pre?face; Avant-propos; Chapitre 1. Anatomie, taxonomie, origine, e?volution et domestication; Anatomie; Morphologie ge?ne?rale, squelette, dentition, musculature; Anatomie de l'appareil reproducteur; Anatomie digestive; Taxonomie; Origine, e?volution et domestication; Origine et diffusion; Apparition de l'e?levage et de la domestication; Races et ligne?es de lapins; Pour en savoir plus; Chapitre 2. Physiologie; Physiologie ge?ne?rale; Respiration; Thermore?gulation; Immunite?; Organes des sens et perceptions sensorielles; Excre?tion urinaire; Physiologie circulatoire et parame?tres sanguins 327 $aPhysiologie digestiveDigestion enzymatique; Microbiote digestif et activite? microbienne cęcale; Transit digestif et motricite? particulie?re du co?lon proximal; Cęcotrophie et excre?tion de fe?ces; Physiologie de la reproduction; La puberte?; La game?toge?ne?se; Le cycle oestral; L'accouplement; L'ovulation; La pseudogestation; La fe?condation; Le de?veloppement embryonnaire et la gestation; La mise-bas; La lactation; Pour en savoir plus; Chapitre 3. Reproduction; Conduite de la reproduction; A?ge des reproducteurs (ma?le et femelle); Mode de reproduction; Pre?paration de la future reproductrice 327 $aSyste?me de conduite et rythmes de reproductionInse?mination artificielle; Inte?re?ts de l'inse?mination artificielle; Technique; Facteurs de re?ussite de l'inse?mination artificielle lie?s a? la femelle; Facteurs de re?ussite de l'inse?mination artificielle lie?s au ma?le; Facteurs de re?ussite de l'inse?mination lie?s a? la technologie de la semence; Autres facteurs intervenant sur la re?ussite de l'inse?mination artificielle; Me?thodes d'induction de la re?ceptivite? sexuelle des lapines au moment de l'inse?mination; Biotechnologies de la reproduction et cuniculture; Conge?lation de la semence 327 $aCollecte et transfert d'embryonsSexage des spermatozoi?des; Production d'embryons in vitro; Transfert de ge?nes; Clonage; Pour en savoir plus; Chapitre 4. Habitat et comportement; Habitat naturel et he?bergement en e?levage; En nature; En conditions d'e?levages professionnels (France et Union europe?enne); Socialite?; En nature; En conditions d'e?levage; Comportement maternel et relations me?re-jeunes; Nid et parturition; Rythme de visite au nid et allaitement; Reconnaissance des jeunes par la me?re/adoptions, sevrage; Comportement du jeune; De?veloppement sensoriel et comportemental 327 $aInteraction avec la me?re et comportement de te?te?eE?mergence et comportements associe?s; Pour en savoir plus; Chapitre 5. Nutrition et alimentation; Comportement alimentaire et ingestion de nutriments; Une alimentation lacte?e quasi-exclusive jusqu'a? trois semaines d'a?ge; Avant le sevrage : transition du lait vers l'aliment solide; Alimentation solide chez le lapin en croissance et l'adulte; Choix alimentaires « libres » du lapin : inte?re?ts et risques; Nutriments et spe?cificite?s pour le lapin; Principes ge?ne?raux de nutrition cunicole; Nutriments pour la croissance et la sante? digestive 327 $aNourrir la jeune femelle future reproductrice 410 0$aSavoir faire (Versailles, France) 606 $aRabbits$xDiseases 606 $aRabbits as laboratory animals 608 $aElectronic books. 615 0$aRabbits$xDiseases. 615 0$aRabbits as laboratory animals. 676 $a636.9322 702 $aGidenne$b Thierry 801 0$bMiAaPQ 801 1$bMiAaPQ 801 2$bMiAaPQ 906 $aBOOK 912 $a9910466063803321 996 $aLAPIN$9409441 997 $aUNINA LEADER 05293nam 22007935 450 001 9910484660803321 005 20200920042902.0 010 $a3-319-09552-8 024 7 $a10.1007/978-3-319-09552-3 035 $a(CKB)3710000000268446 035 $a(EBL)1965394 035 $a(OCoLC)894509064 035 $a(SSID)ssj0001372582 035 $a(PQKBManifestationID)11848593 035 $a(PQKBTitleCode)TC0001372582 035 $a(PQKBWorkID)11305615 035 $a(PQKB)11627084 035 $a(DE-He213)978-3-319-09552-3 035 $a(MiAaPQ)EBC1965394 035 $a(PPN)182093913 035 $a(EXLCZ)993710000000268446 100 $a20141027d2015 u| 0 101 0 $aeng 135 $aur|n|---||||| 181 $ctxt 182 $cc 183 $acr 200 10$aDaniel McAlpine and The Bitter Pit /$fby Douglas G. Parbery 205 $a1st ed. 2015. 210 1$aCham :$cSpringer International Publishing :$cImprint: Springer,$d2015. 215 $a1 online resource (263 p.) 300 $aDescription based upon print version of record. 311 $a3-319-09551-X 320 $aIncludes bibliographical references at the end of each chapters. 327 $aPART ONE: THE DEVELOPMENT OF A PIONEER PHYTOPATHOLOGIST -- Scotland & England -- Highly Educated Non-Graduate -- Australia Felix -- Vegetable Pathologist -- Twenty Years of Plant Pathology in Australia -- International Recognition -- PART TWO:THE BITTER PIT INVESTIGATION -- Bitter Pit -- The Poison Theory -- A National Investigation -- The First Year 1911-1912 -- Serious Stumbling Blocks -- The Second Year's Work 1912-1913 -- The Third Years Work 1913-1914 -- The Fourth Year of the Investigation 1914-1915 -- The Fifth Year of the Investigation 1915-1916 -- Appraisal of McAlpine's Success -- Personal Interactions -- PART THREE: TWILIGHT OF THE GOD -- The Fruitless Years -- Re-establishment of a Reputation.  . 330 $aPart I consists of 6 chapters. The first three cover McAlpine's early education, work and influences which drew him into science. How Thomas Huxley and William Thislton-Dyer ignited his interest in biology and follows his achievements in Edinburgh including his remarkable teaching atlases and his remarkable ability a lecturer/educator, admired by his students in Edinburgh and Melbourne. Three more chapters review his impact on tertiary education in Australia, and his establishment as a renowned scientist in Australia. It explores his expertise in mycology and plant pathology and reasons for his rise to international prominence in the context of developments in Europe and Australia. Chapter 6 is a review of his 20 years as a plant pathologist, as he wrote it. Part II is based on previously unpublished documents that deal with an investigation of the cause and control of a devastating disease of apples, bitter pit. McAlpine was reluctantly drawn into leading it, largely unaware that the Government Botanist, Professor A.J. Ewart, was jealous of him and wanted to lead the investigation himself. Ewart weakened the faith of McAlpine's political masters in him who claimed he failed in not discovering the cause of bitter pit. We now know, that the vital information needed to understand the cause remained unknown to science until almost 25 years after McAlpine's death and the understanding of the cause took another 20 or more years. He retired under an ignominious cloud of ingratitude, deeply hurt and angered. Part III examines the impact of his loss of employment on him and the lost of potential benefit to plant pathology. The final chapter follows how a daughter worked for half a century with those who had first hand experience of McAlpine's ability, rigour and reliability in restoring his reputation to its rightful place. 606 $aHistory 606 $aPlant diseases 606 $aPlant physiology 606 $aAgriculture 606 $aMicrobiology 606 $aLife sciences 606 $aHistory of Science$3https://scigraph.springernature.com/ontologies/product-market-codes/731000 606 $aPlant Pathology$3https://scigraph.springernature.com/ontologies/product-market-codes/L24035 606 $aPlant Physiology$3https://scigraph.springernature.com/ontologies/product-market-codes/L33020 606 $aAgriculture$3https://scigraph.springernature.com/ontologies/product-market-codes/L11006 606 $aMicrobiology$3https://scigraph.springernature.com/ontologies/product-market-codes/L23004 606 $aLife Sciences, general$3https://scigraph.springernature.com/ontologies/product-market-codes/L00004 615 0$aHistory. 615 0$aPlant diseases. 615 0$aPlant physiology. 615 0$aAgriculture. 615 0$aMicrobiology. 615 0$aLife sciences. 615 14$aHistory of Science. 615 24$aPlant Pathology. 615 24$aPlant Physiology. 615 24$aAgriculture. 615 24$aMicrobiology. 615 24$aLife Sciences, general. 676 $a5 676 $a509 676 $a570 676 $a571.2 700 $aParbery$b Douglas G$4aut$4http://id.loc.gov/vocabulary/relators/aut$01225836 906 $aBOOK 912 $a9910484660803321 996 $aDaniel McAlpine and The Bitter Pit$92846110 997 $aUNINA